Cartas americanas : (Record no. 166890)

MARC details
000 -LEADER
campo de control de longitud fija 00800nam a2200217 i 4500
001 - NÚMERO DE CONTROL
campo de control 166890
003 - IDENTIFICADOR DE NÚMERO DE CONTROL
campo de control ES-MaACL
005 - FECHA Y HORA DE LA ÚLTIMA TRANSACCIÓN
campo de control 20231223063112.0
008 - DATOS DE LONGITUD FIJA--INFORMACIÓN GENERAL
campo de control de longitud fija 000120s1889 sp |||| | spa d
080 ## - NÚMERO DE LA CLASIFICACIÓN DECIMAL UNIVERSAL
Número de la Clasificación Decimal Universal 821.134.2-6"18"
100 1# - ENTRADA PRINCIPAL--NOMBRE DE PERSONA
Nombre de persona Valera, Juan,
Fechas asociadas al nombre 1824-1905
9 (RLIN) 112638
245 10 - MENCIÓN DEL TÍTULO
Título Cartas americanas :
Resto del título primera serie /
Mención de responsabilidad, etc. por Juan Valera.
260 ## - PUBLICACIÓN, DISTRIBUCIÓN, ETC.
Lugar de publicación, distribución, etc. Madrid :
Nombre del editor, distribuidor, etc. Fuentes y Capdeville,
Fecha de publicación, distribución, etc. 1889 (
Fabricante Manuel Minuesa de los Ríos)
300 ## - DESCRIPCIÓN FÍSICA
Extensión XII, 278 p. ;
Dimensiones 16 cm.
490 1# - MENCIÓN DE SERIE
Mención de serie Biblioteca de autores célebres ;
Designación de volumen o secuencia 1
530 ## - NOTA DISPONIBLE DE FORMULARIO FÍSICO ADICIONAL
Nota de formato físico adicional disponible Disponible en formato digital.
830 1# - PUNTO DE ACCESO ADICIONAL DE SERIE-TÍTULO UNIFORME
Título uniforme Biblioteca de autores célebres ;
Designación de volumen o secuencia 1
9 (RLIN) 184044
852 ## - LOCALIZACIÓN
Ubicación ES-MaACL
Número de control de estantería G-2681
Nota libre - Enc. hol.
856 ## - LOCALIZACIÓN Y ACCESO ELECTRÓNICOS
Identificador Uniforme de Recursos <a href="http://bdh-rd.bne.es/viewer.vm?id=0000044665&page=1 ">http://bdh-rd.bne.es/viewer.vm?id=0000044665&page=1 </a>
Nota pública Biblioteca Digital Hispánica
Holdings
Estatus retirado Estado de pérdida Estado de daño No para préstamo Colección Biblioteca de origen Biblioteca actual Ubicación en estantería Fecha de adquisición Fuente de adquisición Total de préstamos Signatura topográfica completa Código de barras Visto por última vez Precio de reemplazo Tipo de ítem Koha
        Colección digital Biblioteca del Ateneo de Madrid Biblioteca del Ateneo de Madrid Depósito 2 17/01/2008     G-2681 1175061 23/02/2023 23/02/2023 Libro impreso antiguo